banner-ar

BENCHMARKING STAFF PEREFORMANCE: HOW STAFF DEPARTMENTS CAN ENHANCE / (Record no. 21689)

MARC details
000 -الفاتح
حقل البيانات ثابتة الطول 00599nam a2200193Ia 4500
008 - عناصر البيانات ثابتة الطول - معلومات عامة
حقل البيانات ثابتة الطول 140319s9999 xx 000 0 eng d
040 ## - مصدر الفهرسة
وكالة الفهرسة الأصلية GCL /
وكالة النسخ GCL
082 04 - رقم تصنيف ديوى العشرى
رقم التصنيف 658.402
رقم المادة F B
100 1# - المدخل الرئيسى - إسم شخصى
الإسم الشخصى FITZ-ENZ, JAC
245 10 - بيان العنوان
العنوان BENCHMARKING STAFF PEREFORMANCE: HOW STAFF DEPARTMENTS CAN ENHANCE /
بيان المسئوليه,etc FITZ-ENZ, JAC
260 ## - PUBLICATION, DISTRIBUTION, ETC. (IMPRINT)
تاريخ النشر أو التوزيع 1993
300 ## - الوصف المادى
التعداد 218 P
490 ## - بيان السلسلة
عنوان السلسلة JOSSEY-BASS MANAGEMENT SERIES
رقم المجلد/ التعيين التسلسلي 0
650 04 - المدخل الاضافى بالموضوع-مصطلح موضوعى
مصطلح موضوعي LINE AND STAFF ORGANIZATION
650 04 - المدخل الاضافى بالموضوع-مصطلح موضوعى
مصطلح موضوعي ORGANIZATIONAL EFFECTIVENESS
650 04 - المدخل الاضافى بالموضوع-مصطلح موضوعى
مصطلح موضوعي BENCHMARKING ( MANAGEMENT )
942 ## - عناصر المدخل الإضافي( كوها)
مصدر التصنيف او مخطط الترفيف Dewey Decimal Classification
Koha [default] item type كتاب
260 ## - PUBLICATION, DISTRIBUTION, ETC. (IMPRINT)
-- [S.N] :
-- JOSSEY-BASS PUBLISHERS ،
Holdings
حالة التراجع حالة الفقد حالة تلف ليس للاعارة المكان المؤقت الموقع الحالى تاريخ الاكتساب اجمالي اﻻعارات رقم الطلب الباركود تاريخ اخر مشاهدة تاريخ تفعيل السعر نوع وعاء كوها
        مكتبة القاهرة الكبرى مكتبة القاهرة الكبرى 03/26/2014   658.402\F B 39866 03/26/2014 03/26/2014 كتاب

Powered By

EGPV